| 000 | 01924nam a2200349 4500 | ||
|---|---|---|---|
| 001 | 114346 | ||
| 003 | DR-UNIBE | ||
| 005 | 20260511112615.0 | ||
| 008 | 260129b2010 dr ||||| |||| 00| 0 spa d | ||
| 020 | _a9789945003659 | ||
| 040 |
_aBIBLIOTECA UNIBE _bspa _cBIBLIOTECA UNIBE _erda |
||
| 041 | _aspa | ||
| 082 | _aRD 972.93053 I61e | ||
| 245 | 1 | 0 |
_aInterrogatorios : _bexpedicionarios del 59 participantes en la muerte de Trujillo seguidores de Manuel Aurelio Tavárez Justo |
| 250 | _aPrimera edición | ||
| 260 |
_a Santo Domingo : _bEditora Centenario, _c2010 |
||
| 300 |
_a561 páginas : _bfotos b/n ; _c22 x 15 cm |
||
| 500 | _aInformación del compilador en las solapas | ||
| 505 | _aPresentación I | Interrogatorios a expedicionarios del 59 | Presentación II | Interrogatorios a participantes en el complot y ajusticiamiento del dictador Rafael Leonidas Trujillo Molina | Presentación III | Interrogatorios practicados a seguidores e Manolo Aurelio Tavárez Justo | ||
| 600 | 7 |
_2lemb _aTavárez Justo, Manuel Aurelio (Manolo), _d1931-1963 _9162915 |
|
| 600 | 7 |
_2lemb _aTrujillo Molina, Rafael Leonidas, _d1891-1961 _939608 |
|
| 650 | 7 |
_2lemb _aInterrogatorio de testigos _zRepública Dominicana _9204785 |
|
| 651 | 7 |
_2lemb _aRepública Dominicana _xPolítica y gobierno _y1930-1961 _9201921 |
|
| 651 | 7 |
_2lemb _aRepública Dominicana _xHistoria _xEra de Trujillo 1930-1961 _9193440 |
|
| 700 | 1 | 0 |
_aGerón, Cándido, _d1950- _q(Araújo Gerón, Cándido) _c _ecompilador _epresentación _enotas _924252 |
| 700 | 1 | 0 |
_aBlanco Díaz, Andrés, _d1954- _eíndice onomástico _ecorrector _9144547 |
| 700 | 1 | 0 |
_aDomínguez Novas, Juan Francisco _ecomposición _9127336 |
| 700 | 1 | 0 |
_aCornelio Marte, Rafael A. _ediseñador _ediagramador _earte final _9201849 |
| 700 | 1 | 0 |
_aDíaz Carrero, Rubén, _d1971-2009 _ediseñador de portada _9144910 |
| 700 | 0 |
_aBatista, Paula _9201922 _ecorrector de galeras |
|
| 942 |
_2ddc _cBK |
||
| 999 |
_c114346 _d114346 |
||